| 000 | 00652nam a22001937a 4500 | ||
|---|---|---|---|
| 005 | 20260612161104.0 | ||
| 010 | _aENG-148833 | ||
| 020 |
_c300.00 _a9788119664658 |
||
| 035 | _aEN-132365 | ||
| 037 | _bDBAD | ||
| 082 |
_a248.4 _21 |
||
| 100 |
_aAlangaram, A. _989374 |
||
| 245 |
_aTowards Living Christologies in the World/ _cA. Alangaram |
||
| 250 | _a1 | ||
| 260 |
_bATC Publishers _aBengaluru _c2024 |
||
| 270 |
_aSt's Mary Block, Archdiocesan,Pastoral Center,#5, Nandidurga Road,Benson Town _bBengaluru _e560046 _k+918025491999 _k7090100444 _minfo@atcpublishers.com |
||
| 300 |
_a181p. _c21cm(pb) |
||
| 942 |
_2ddc _cEN _h248.4 _mALA |
||
| 999 |
_c216631 _d216631 |
||